[Event "Sandefjord Caissa Spring Seniors"]
[Site "Sandefjord"]
[Date "2019.01.28"]
[Round "6"]
[White "Tidemann Andersen, Leif"]
[Black "Hajdu, Josef"]
[Result "1-0"]
[WhiteElo "1588"]
[BlackElo "1506"]
[PlyCount "34"]
[EventDate "2019.01.21"]
[EventType "tourn"]
[EventRounds "7"]
[EventCountry "NOR"]
[SourceTitle "EXT 2024"]
[Source "ChessBase"]
[SourceDate "2023.10.10"]
[SourceVersion "1"]
[SourceVersionDate "2023.10.10"]
[SourceQuality "1"]

1. c4 d6 2. g3 e5 3. Bg2 g6 4. e3 Bg7 5. Ne2 c6 6. 0-0 Nf6 7. Nbc3 Be6 8. b3 0-0 9. Rb1 Nbd7 10. d4 exd4 11. exd4 Bf5 12. Rb2 a6 13. Bf4 Ne8 14. Ne4 Ndf6 15. N2c3 Qd7 16. Re2 Bg4 17. f3 Bf5 1-0

[Event "Sandefjord Caissa CC-ch"]
[Site "Sandefjord"]
[Date "2006.03.06"]
[Round "6"]
[White "Tuft, Ole Richard"]
[Black "Hajdu, Josef"]
[Result "1-0"]
[WhiteElo "1677"]
[BlackElo "1341"]
[PlyCount "47"]
[EventDate "2006.01.16"]
[EventType "swiss"]
[EventRounds "8"]
[EventCountry "NOR"]
[SourceTitle "EXT 2007"]
[Source "ChessBase"]
[SourceDate "2006.11.23"]
[SourceVersion "1"]
[SourceVersionDate "2006.11.23"]
[SourceQuality "1"]

1. d4 Nf6 2. c4 e6 3. Nc3 b6 4. e4 d6 5. Bd3 Bb7 6. Nf3 Nbd7 7. 0-0 a6 8. Qa4 c6 9. b4 Be7 10. e5 dxe5 11. dxe5 Ng4 12. Bf4 f6 13. exf6 Ngxf6 14. Rfe1 Kf7 15. Ng5+ Kg8 16. Nxe6 Qe8 17. Nc7 b5 18. Qb3 Qf8 19. cxb5+ Nd5 20. bxc6 Bxc6 21. N3xd5 Qf7 22. Nxe7+ Kf8 23. Bc4 Qxf4 24. Ne6+ 1-0

[Event "Sandefjord Caissa CC-ch"]
[Site "Sandefjord"]
[Date "2006.02.27"]
[Round "5"]
[White "Hajdu, Josef"]
[Black "Kristoffersen, Jan Oistein"]
[Result "1-0"]
[WhiteElo "1341"]
[BlackElo "1388"]
[PlyCount "105"]
[EventDate "2006.01.16"]
[EventType "swiss"]
[EventRounds "8"]
[EventCountry "NOR"]
[SourceTitle "EXT 2007"]
[Source "ChessBase"]
[SourceDate "2006.11.23"]
[SourceVersion "1"]
[SourceVersionDate "2006.11.23"]
[SourceQuality "1"]

1. c4 e5 2. Nc3 Nc6 3. Nf3 Nf6 4. d3 h6 5. g3 Bc5 6. Bg2 a6 7. a3 d6 8. 0-0 Bd7 9. e3 Qc8 10. Re1 Bg4 11. d4 Ba7 12. Qd2 0-0 13. dxe5 dxe5 14. Qc2 Qe6 15. b3 Rad8 16. Bb2 Bf5 17. e4 Bh3 18. Nd5 Bxg2 19. Kxg2 Ng4 20. c5 Rd7 21. Rad1 Rfd8 22. Rd2 Nf6 23. Nxf6+ Qxf6 24. Rxd7 Rxd7 25. b4 Qe6 26. Qc3 f6 27. Qe3 b6 28. Rc1 bxc5 29. bxc5 Na5 30. Qc3 Nc6 31. Rc2 Nd4 32. Nxd4 exd4 33. Qd3 Re7 34. f3 Rd7 35. Bxd4 Qc6 36. Qc4+ Kh8 37. e5 Rd8 38. exf6 gxf6 39. Qc3 Kg7 40. Re2 Kf7 41. Re4 Rd5 42. Rf4 f5 43. Qc4 Kg6 44. g4 Kg5 45. Kg3 Bxc5 46. h4+ Kg6 47. gxf5+ Kh5 48. Be5 Rd7 49. f6 Bf2+ 50. Kxf2 Qb6+ 51. Bd4 Qd6 52. Qc5+ Qd5 53. Rf5+ 1-0